000 01081cam a2200301 a 4500
001 17457467
003 Nust- CAS-E
005 20180118181403.0
008 120910s2013 flua b 001 0 eng
010 _a 2012028175
020 _a9781466514027
040 _aDLC
_cDLC
_dDLC
042 _apcc
050 0 0 _aTK1005
_b.P457 2013
082 0 0 _a621.3028553
_223
_bPER 2013
100 1 _aPerelʹmuter, V. M.
_q(Viktor Moiseevich)
245 1 0 _aElectrotechnical systems :
_bsimulation with Simulink® and SimPowerSystems /
_cViktor Perelmuter.
260 _aBoca Raton :
_bCRC Press, Taylor & Francis Group,
_c2013.
300 _axv, 434 p.:
_bill. ;
_c25 cm. + 1 CD-ROM (4 3/4 in.)
504 _aIncludes bibliographical references and index.
630 0 0 _aSIMULINK.
630 0 0 _aSimPowerSystems.
630 0 0 _aMATLAB.
650 0 _aElectric power systems
_xSimulation methods.
906 _a7
_bcbc
_corignew
_d1
_eecip
_f20
_gy-gencatlg
942 _2ddc
_cBK
999 _c355474
_d355474